000 00266nam a22001217a 4500
008 181207b xxu||||| |||| 00| 0 eng d
041 _aeng
080 _a610
100 _a3
101 _aSHM
245 _aPocket Guide To Apa Style
_cPerrin.R
942 _2udc
_cBK
999 _c53058
_d53058